| 000 | 00533nam a2200205Ia 4500 | ||
|---|---|---|---|
| 008 | 180523s9999 xx 000 0 und d | ||
| 020 | _a0-13-915695-X | ||
| 050 | _aMAIN HF 5415.13 | ||
| 050 | _b.C37 2001 | ||
| 100 | _aCapon, Noel. | ||
| 245 | 0 | _aMarketing management in the 21st century / | |
| 245 | 0 | _cNoel Capon. | |
| 260 | _aSingapore : | ||
| 260 | _bPearson Education South Asia, | ||
| 260 | _c2001 | ||
| 300 | _a636 pages : | ||
| 300 | _c25 cm. | ||
| 500 | _aIncludes index. | ||
| 650 | _aMarketing -- Management. | ||
| 999 |
_c357063 _d357063 |
||